000 00898nam a22002537a 4500
005 20170123164153.0
010 _aB-109104
020 _c300.00
035 _aB-109104
037 _bCen Lib / Ret
040 _aDPL
_bPN
082 _a851
_bਅਮਰ
100 _aਅਮਰ ਜਉਤੀ
_92233
245 _aਸੋਚਾਂ ਦੇ ਨਿਸ਼ਾਨ /
_cਅਮਰ ਜਉਤੀ
246 _aSochan de nishan /
_bby Amar Jyoti
260 _aਲੁਧਿਆਣਾ
_bਚੇਤਨਾ ਪ੍ਰਕਾਸ਼ਨ
_c2004
270 _aਪੰਜਾਬੀ ਭਵਨ
_bਲੁਧਿਆਣਾ
300 _a352p.
_c22cm(Hb)
650 _a ਸਾਹਿਤ --ਪੰਜਾਬੀ
_9128076
650 _a ਪੰਜਾਬੀ--- ਕਵਿਤਾਵਾਂ
_9128077
650 _a Literature--Punjabi
_9128078
650 _aPunjabi-- Poetry
_9128079
942 _2ddc
_cPN
_h851
_mਅਮਰ
999 _c110494
_d110494